Baní o Engracia y Antoñita : (Registro nro. 13626)

Detalles MARC
000 -LIDER
fixed length control field 00968nam a2200277 a 4500
001 - NÚMERO DE CONTROL
Identificador de número de control
003 - IDENTIFICACDOR DE NÚMERO DE CONTROL
control field
005 - DATE AND TIME OF LATEST TRANSACTION
control field 20210805114431.0
008 - ELEMENTOS DE LONGITUD FIJA
fixed length control field 111006s2020 dr 000 0 spa d
020 ## - ISBN
International Standard Book Number 9789945613735
040 ## - FUENTE DE CATALOGACIÓN
Agencia que crea de manera original el registro BPMSU
Idioma de catalogación spa
Agencia que realiza la transcripción BPMSU
082 ## - NÚMERO DE CLASIFICACIÓN DECIMAL DE DEWEY
Classification number RD863.3
Item number B598b 2020
Edition number 22
100 1# - ASIENTO PRINCIPAL -- NOMBRE PERSONAL
Nombre personal Billini, Francisco Gregorio,
Fechas asociadas con el nombre 1988-1898
245 10 - MENCIÓN DE TITULO
Título Baní o Engracia y Antoñita :
Subtítulo novela /
Mención de responsabilidad Francisco Gregorio Billini ; editor Andrés Blanco Díaz
260 ## - PUBLICACIÓN, DISTRIBUCIÓN, ETC. (PIE DE IMPRENTA)
Lugar de publicación, distribución, etc Santo Domingo :
Nombre del editor, distribuidor, etc. Archivo General de la Nación,
Fecha de publicación, distribución, etc 2020
Nombre del editor, distribuidor, etc.
300 ## - DESCRIPCIÓN FÍSICA
Extensión 334 p. ;
Dimensiones 23 cm.
490 0# - MENCIÓN DE SERIES
Mención de serie Archivo General de la Nación ;
-- Juvenil
Volume/sequential designation 15
500 ## - NOTA GENERAL
Materiales especificados Incluye datos biográficos del autor en la solapa de la cubierta
590 ## - NOTA LOCAL
Enlace Inventariado, 2021/VM
650 #4 - ENCABEZAMIENTO DE MATERIA--TEMÁTICO
Término temático o nombre geográfico como elemento de entrada Novela dominicana
650 #4 - ENCABEZAMIENTO DE MATERIA--TEMÁTICO
Término temático o nombre geográfico como elemento de entrada Literatura dominicana
700 1# - ASIENTO SECUNDARIO -- NOMBRE PERSONAL
Nombre personal Blanco Díaz, Andrés
Mención de responsabilidad ed.
710 2# - ASIENTO SECUNDARIO -- NOMBRE CORPORATIVO
Nombre corporativo o de jurisdicción Archivo General de la Nación (República Dominicana)
910 ## - VALIDACIÓN
Validación VMateo
942 ## - ADDED ENTRY ELEMENTS (KOHA)
Source of classification or shelving scheme Dewey Decimal Classification
Koha item type Libros
Existencias
Withdrawn status Lost status Source of classification or shelving scheme Damaged status Not for loan Collection code Home library Current library Date acquired Source of acquisition Total Checkouts Full call number Barcode Date last seen Price effective from Koha item type Copy number
    Dewey Decimal Classification     Colección Dominicana Biblioteca Pública Metropolitana Salomé Ureña Biblioteca Pública Metropolitana Salomé Ureña 08/05/2021 AGN   BPMSU CD RD863.3 B598b 2020 BPMSU21080018 08/05/2021 08/05/2021 Libros  
    Dewey Decimal Classification     Colección Dominicana Biblioteca Pública Metropolitana Salomé Ureña Biblioteca Pública Metropolitana Salomé Ureña 08/05/2021 AGN   BPMSU CD RD863.3 B598b 2020 BPMSU25110115 11/27/2025 08/05/2021 Libros e.2